2 vérités, 1 mensonge #1 - Statistiques

Statistiques générales
  • Ce quiz a été pris 158 fois
  • Le résultat moyen est 3 sur 8
Statistiques - réponses
Question Réponse % Correct
Trouve le mensonge ! L’oxygène est le gaz le plus abondant dans l’atmosphère terrestre
62%
Trouve le mensonge ! Le plus petit os du corps humain est l’os du pied
59%
Trouve le mensonge ! Le plus long fleuve du monde est le Nil
54%
Trouve le mensonge ! Napoléon Bonaparte est né en Corse en 1799
45%
Trouve le mensonge ! Le nombre d’atomes dans un grain de sable est plus élevé que le nombre d’étoiles dans l’univers
43%
Trouve le mensonge ! Le Sahara est le plus grand désert du monde
40%
Trouve le mensonge ! La Terre est plus proche du Soleil en été qu’en hiver
29%
Trouve le mensonge ! Le chat domestique est plus proche génétiquement du lion que du tigre
14%
Aucun quiz correspondant
Distribution des résultats
% des personnes avec chaque résultat
Percentile par nombre de réponses
Votre historique - résultats
Vous n’avez pas pris ce quiz